00525 2200193 4500001002100000005001500021035002000036245006000056100002100116300002600137260004100163082001100204084001700215020002200232600002600254990001700280990001700297990001700314INLIS00000000000108620250730075041 a0010-07250000681 aRahasia Bisnis Sukses Ala Rasulullah /cAba Mehmed Agha0 aAgha, Aba Mehmed a171 hlm ;c14 X 21 cm aYogyakarta :bChecklist Media,c2023 a297.63 a297.63 AGH r a978-623-8114-29-0 4aBisnis Ala Rasulullah a3649/PP/2025 a3650/PP/2025 a3651/PP/2025